000 00688nam a2200289Ia 4500
005 20260324113330.0
008 008 260324s9999 xx 000 0 eng d
020 _a9781003358787
037 _aEBOOK
040 _aCRL
040 _beng
040 _cCRL
041 _2eng
041 _aeng
084 _qCRL
100 _aFrances Lennard; Laura Mina; Patricia Ewer
_91146349
245 0 _aTextile Conservation
245 0 _bAdvances in Practice
260 _bTaylor and Francis
260 _c2024
365 _a
365 _b360
856 _uhttp://www.taylorfrancis.com/books/9781003358787
942 _cEBOOK
999 _c1735942
_d1735942